|
|
|
|
| LEADER |
02506nam a2200649 i 4500 |
| 001 |
nkc20182983014 |
| 003 |
CZ PrNK |
| 005 |
20180504121900.0 |
| 007 |
ta |
| 008 |
180309s2017 xr ach e c 000 0 cze |
| 015 |
|
|
|a cnb002983014
|
| 020 |
|
|
|a 978-80-7037-276-0
|q (brožováno)
|
| 035 |
|
|
|a (OCoLC)1035450839
|
| 040 |
|
|
|a ABA001
|b cze
|e rda
|
| 041 |
0 |
|
|a cze
|b eng
|
| 043 |
|
|
|a e-xr---
|b e-xr-pg
|2 czenas
|
| 045 |
|
|
|a w-x-
|
| 072 |
|
7 |
|a 73
|x Sochařství, keramika, porcelán, umělecké zpracování kovů
|2 Konspekt
|9 21
|
| 080 |
|
|
|a 739.4
|2 MRF
|
| 080 |
|
|
|a 745/749.05
|2 MRF
|
| 080 |
|
|
|a 73/76.058
|2 MRF
|
| 080 |
|
|
|a 069.5
|2 MRF
|
| 080 |
|
|
|a (437.311)
|2 MRF
|
| 080 |
|
|
|a (437.3)
|2 MRF
|
| 080 |
|
|
|a (083.82)
|2 MRF
|
| 100 |
1 |
|
|a Laboutková, Irena,
|d 1957-
|7 ola2004235469
|4 aut
|
| 245 |
1 |
0 |
|a Umělecká litina ve sbírkách Národního technického muzea /
|c Irena Laboutková
|
| 250 |
|
|
|a Vydání první
|
| 264 |
|
1 |
|a Praha :
|b Národní technické muzeum,
|c 2017
|
| 300 |
|
|
|a 199 stran :
|b ilustrace (některé barevné), portréty, faksimile ;
|c 26 cm
|
| 336 |
|
|
|a text
|b txt
|2 rdacontent
|
| 336 |
|
|
|a statický obraz
|b sti
|2 rdacontent
|
| 337 |
|
|
|a bez média
|b n
|2 rdamedia
|
| 338 |
|
|
|a svazek
|b nc
|2 rdacarrier
|
| 500 |
|
|
|a 300 výtisků
|
| 504 |
|
|
|a Obsahuje bibliografii a bibliografické odkazy
|
| 546 |
|
|
|a Anglické resumé
|
| 610 |
2 |
7 |
|a Národní technické muzeum (Praha, Česko)
|7 kn20010709076
|2 czenas
|
| 648 |
|
7 |
|a 19.-20. století
|7 ch757015
|2 czenas
|
| 650 |
0 |
7 |
|a umělecká litina
|7 ph135218
|z Česko
|y 19.-20. století
|2 czenas
|
| 650 |
0 |
7 |
|a užité umění
|7 ph116551
|z Česko
|y 19.-20. století
|2 czenas
|
| 650 |
0 |
7 |
|a dekorativní umění
|7 ph114299
|z Česko
|y 19.-20. století
|2 czenas
|
| 650 |
0 |
7 |
|a muzejní sbírky
|7 ph137908
|z Česko
|2 czenas
|
| 650 |
0 |
9 |
|a decorative cast-iron
|z Czechia
|y 19th-20th centuries
|2 eczenas
|
| 650 |
0 |
9 |
|a applied arts
|z Czechia
|y 19th-20th centuries
|2 eczenas
|
| 650 |
0 |
9 |
|a decorative arts
|z Czechia
|y 19th-20th centuries
|2 eczenas
|
| 650 |
0 |
9 |
|a museum collections
|z Czechia
|2 eczenas
|
| 651 |
|
7 |
|a Praha (Česko)
|7 ge118011
|2 czenas
|
| 651 |
|
9 |
|a Prague (Czechia)
|2 eczenas
|
| 655 |
|
7 |
|a katalogy
|7 fd132535
|2 czenas
|
| 655 |
|
9 |
|a catalogs
|2 eczenas
|
| 710 |
2 |
|
|a Národní technické muzeum (Praha, Česko)
|7 kn20010709076
|4 orm
|
| 910 |
2 |
|
|a BOA001
|b 3-1405.530
|
| 990 |
|
|
|a BK
|
| 995 |
|
|
|a 01
|
| 991 |
|
|
|b 201803
|c NOV
|
| 996 |
6 |
|
|b 2610737945
|c 3-1405.530
|l MZK
|r Sklad / do 1 hodiny
|n 2
|p p.v.
|w 001656954
|u 000010
|a 1
|e BOA001
|j MZK50
|s P
|